Old Testament Theology. (Record no. 18413)

MARC details
000 -LEADER
fixed length control field 00594nam a2200241 a 4500
020 ## - INTERNATIONAL STANDARD BOOK NUMBER
ISBN
082 00 - DEWEY DECIMAL CLASSIFICATION NUMBER
Classification number 221.6
Author Cutter ROT
100 ## - MAIN ENTRY--AUTHOR NAME
Author name Roth, Wolfgang M W
245 ## - TITLE STATEMENT
Title Old Testament Theology.
260 ## - PUBLICATION, DISTRIBUTION, ETC. (IMPRINT)
Place of publication Madras
Name of publisher Christian Literature Society
Year of publication 1968
300 ## - PHYSICAL DESCRIPTION
Number of Pages 249p
500 ## - GENERAL NOTE
General note includes index and biblioraphy
505 2# - FORMATTED CONTENTS NOTE
Formatted contents note Glossary
650 ## - SUBJECT ADDED ENTRY--TOPICAL TERM
Topical Term Bible O.T. Theology
942 ## - ADDED ENTRY ELEMENTS (KOHA)
Koha item type Books
700 1# -
-- Roth, Wolfgang M W
Holdings
Collection code Home library Current library Date acquired Cost, normal purchase price Full call number Accession Number Koha item type
  Henry Martyn Institute Library Henry Martyn Institute Library 06/18/2007 100.00 221.6 ROT 11001172 Books
                   Copyright © 2026 | Henry Martyn Institute | Hyderabad | TS-500052 | INDIA | Implemented by hmi.edu.in
Hit-Count:

Powered by Koha